Insights: themes in literature /

A thematically arranged anthology of poems, short stories, plays, and novellas for the ninth-grade reader.

Bibliographic Details
Main Author: Carlsen, G. Robert, 1917-
Format: Book
Language:English
Published: St. Louis : Webster Division, McGraw-Hill, [1967]
Series:Themes and writers series.
Subjects:

MARC

Tag First Indicator Second Indicator Subfields
LEADER 00000cam a2200000 4500
001 in00000682021
005 20151015160824.0
008 721129s1967 moua 00110 eng d
020 |a 0070099030 
035 |a (OCoLC)00503684 
035 |9 ACZ3169AM 
040 |c OUN  |d TXA  |d UtOrBLW 
049 |a [Curr Col] TXAM  |c [972024] 
082 0 |a 808.8 
090 |a PZ5.C1828  |b In 1967 
100 1 |a Carlsen, G. Robert,  |d 1917- 
245 1 0 |a Insights: themes in literature /  |c [compiled by] G. Robert Carlsen [and others]. 
264 1 |a St. Louis :  |b Webster Division, McGraw-Hill,  |c [1967] 
264 4 |c ©1967 
300 |a ix, 758 pages :  |b illustrations (part color) ;  |c 24 cm. 
336 |a text  |b txt  |2 rdacontent 
337 |a unmediated  |b n  |2 rdamedia 
338 |a volume  |b nc  |2 rdacarrier 
490 1 |a Themes and writers series 
500 |a Gr. 9. 
520 |a A thematically arranged anthology of poems, short stories, plays, and novellas for the ninth-grade reader. 
650 0 |a Children's literature. 
830 0 |a Themes and writers series. 
999 |a MARS 
999 f f |s 2531875a-45c4-3a9e-804c-bed2e455d584  |i b09d7929-711b-33a1-902f-99bfb8d2fdfa  |t 0 
952 f f |p normal  |a Texas A&M University  |b College Station  |c Sterling C. Evans Library  |d Evans: Library Stacks  |t 0  |e PZ5.C1828 In 1967  |h Library of Congress classification  |i unmediated -- volume  |m A14800240291 
998 f f |a PZ5.C1828 In 1967  |t 0  |l Evans: Library Stacks